[Event "GBR-ch U1750 op 104th"]
[Site "Llandudno"]
[Date "2017.07.31"]
[Round "1"]
[White "Heffer, Mark"]
[Black "Forbes, Douglas M"]
[Result "0-1"]
[WhiteElo "1742"]
[BlackElo "1583"]
[PlyCount "64"]
[EventDate "2017.07.31"]
[EventType "swiss"]
[EventRounds "5"]
[EventCountry "WLS"]
[SourceTitle "EXT 2019"]
[Source "ChessBase"]
[SourceDate "2018.10.10"]
[SourceVersion "1"]
[SourceVersionDate "2018.10.10"]
[SourceQuality "1"]

1. e4 g5 2. d4 h6 3. Nc3 d6 4. Bc4 Bg7 5. Be3 Nc6 6. Nge2 a6 7. a3 e6 8. f3 Nf6 9. Qd2 Qe7 10. Bb3 Bd7 11. 0-0-0 b5 12. d5 Na5 13. Ba2 Nc4 14. Bxc4 bxc4 15. Bd4 e5 16. Be3 a5 17. Ng3 Bc8 18. Qe2 Ba6 19. Nf5 Qf8 20. h4 Kd7 21. hxg5 hxg5 22. Bxg5 Ng8 23. Rxh8 Bxh8 24. Rh1 Bf6 25. Be3 Ne7 26. g4 Nxf5 27. exf5 Qg7 28. Qg2 Bg5 29. Bxg5 Qxg5+ 30. Kb1 Qe3 31. g5 Rb8 32. Rh7 Qxc3 0-1

[Event "BCF-ch Soanes op"]
[Site "Coventry"]
[Date "2015.08.02"]
[Round "5"]
[White "Heffer, Mark"]
[Black "Grainger, Charlie"]
[Result "0-1"]
[WhiteElo "138"]
[BlackElo "111"]
[PlyCount "88"]
[EventDate "2015.07.31"]
[EventType "swiss"]
[EventRounds "5"]
[EventCountry "ENG"]
[SourceTitle "CBM 167 Extra"]
[Source "ChessBase"]
[SourceDate "2015.09.14"]
[SourceVersion "1"]
[SourceVersionDate "2015.09.14"]
[SourceQuality "1"]

1. e4 e5 2. Bc4 Nf6 3. d3 Nc6 4. Nc3 Na5 5. Bb3 Nxb3 6. axb3 d5 7. Bg5 Bb4 8. Kf1 c6 9. Nge2 d4 10. Na2 Be7 11. c3 c5 12. Ng3 h6 13. Bxf6 Bxf6 14. c4 Bg5 15. b4 b6 16. bxc5 bxc5 17. b4 0-0 18. bxc5 Qa5 19. c6 Qb6 20. h4 Be7 21. Nf5 Bxf5 22. exf5 Qxc6 23. Qe2 Rfe8 24. f3 Rab8 25. Kf2 a5 26. g3 g5 27. fxg6 Qxg6 28. Rhb1 a4 29. Rb5 Bd6 30. Rab1 Rxb5 31. cxb5 e4 32. f4 e3+ 33. Kf3 h5 34. Rb2 a3 35. Rc2 Kh7 36. Nc1 Rg8 37. Qg2 f5 38. Qh3 Rb8 39. Ne2 a2 40. Rxa2 Bc5 41. Ra5 Rxb5 42. Nxd4 Rxa5 43. Nb3 Qc6+ 44. Ke2 Ra2+ 0-1